| 000 | 00655cam a2200217 a 4500 | ||
|---|---|---|---|
| 001 | 653431 | ||
| 003 | BD-DhUL | ||
| 005 | 20190128100509.0 | ||
| 008 | 940610s1995 maua b 001 0 eng | ||
| 020 | _a1557864438 | ||
| 040 |
_aDLC _cDLC _dDLC _dBD-DhUL |
||
| 082 | 0 | 0 |
_a332.64 _bOHM |
| 100 | 1 | _aO'Hara, Maureen. | |
| 245 | 1 | 0 |
_aMarket microstructure theory / _cMaureen O'Hara. |
| 260 |
_aCambridge, Mass. : _bBlackwell, _c1995. |
||
| 300 |
_ax, 290 p. : _bill. ; _c25 cm. |
||
| 504 | _aIncludes bibliographical references and index. | ||
| 650 | 0 |
_aSecurities _xMathematical models. |
|
| 650 | 0 |
_aStock exchanges _xMathematical models. |
|
| 942 |
_2ddc _cBK |
||
| 999 |
_c66939 _d66939 |
||